000 00861cab a2200277 4500
001 WB3014-52
008 090401t1994 xxu||||| |||| 00| 0 eng d
035 _a(Sirsi) u24224
041 _aeng
245 _aPollution clear-up
260 _c1994
350 _a0
490 _aGuardian
_v15 April 1994, 7
490 _aDaily Telegraph
_v15 April 1994, 10(2)
520 _aThe law must be changed to identify who should pay the potentially enormous bill for cleaning up pollution from hundreds of abandoned coal and metal mines according to the National Rivers Authority.
650 _aABANDONED MINE WORKINGS
650 _aACID WATER
650 _aCOAL INDUSTRY
650 _aCOAL MINES
650 _aMINESHAFTS
650 _aPRIVATISATION
650 _aRIVER POLLUTION
690 _aMINING AND MINERALS
942 _n0
948 _c04/03/1997
999 _c16234
_d16234